1982 1081 1688 1901 1374 1706 1088 1588 1636 1830 1799 1052 1294 1003 1981 1033 1236 1529 1265 1801 1925 1238 1939 1163 1399 1726 1960 1572 1679 1787 1223 1620 1936 1384 1578 1840 1691 1516 1904 1205 1673 1501 1709 1887 1649 1046 1493 1332 1816 1630 1900 1897 1548 1221 1092 1756 1357 1398 1329 1454 1957 1851 1167 1879 1899 1376 1980 1389 1685 1981 1036 1542 1993 1461 1223 1300 1415 1630 1335 1565 1017 1032 1213 1526 1032 1675 1241 1463 1155 1556 1839 1559 1008 1837 1697 1577 1341 1713 1030 BCNSPRNW ULIB Ver.6.0+V

เปลี่ยนเป็นภาษาไทย

Change to English
 แสดงรายละเอียดบรรณานุกรม
  กลับหน้าหลัก

Brief Record : Get Marc (ISO 2709) : E-mail record : QR code < ปิดหน้าต่าง
LEADER : 00000nam 2200000uu 4500
001    13399119988
003     ULIB
008    120820s2552||||th 000 0 tha d
020    ^a978611500005
090    ^aนว.^bณ429ร
100 0  ^aณารา
245 00 ^aรอยรักหักเหลี่ยมตะวัน/^cณารา
250    ^aพิมพ์ครั้งที่ 4
260    ^aกรุงเทพฯ :^bพิมพ์คำ,^c2552
300    ^a550 หน้า
945    ^p0^l0^i17000
995    ^aกัณชพร
999 ^a ใช้งานได้ทุกระบบ
รายการนี้ยังไม่มีแท็ก
คุณยังไม่ได้ล็อกอิน คุณสามารถมีกิจกรรมร่วมกับเว็บไซต์ได้ แต่ต้องล็อกอินก่อน ::
  ล็อกอิน

รายการสื่อสารสนเทศ

ลำดับที่ ประเภท เลขเรียก/บาร์โค้ด สถานที่ สถานะ
1. นวนิยาย
นวนิยาย
นว. ณ429ร  
  Barcode: 17000
ห้องสมุดวิทยาเขตสวรรค์ประชารักษ์
►นวนิยาย
บนชั้น
  ขอยืม

รายการใกล้เคียง
    ผู้แต่ง [ณารา]

BibComment


ยังไม่เคยถูกคอมเมนท์

คอมเมนท์ทรัพยากรรายการนี้
  คอมเมนท์: รอยรักหักเหลี่ยม..


 Copyright 2026. Bcnsprnw @Library